书目信息 |
| 题名: |
新时代生态文明建设实践案例
|
|
| 作者: | 胡军 主编 ;生态环境部 主编 | |
| 分册: | ||
| 出版信息: | 北京 中国环境出版集团 2025.04 |
|
| 页数: | 392页 | |
| 开本: | 24cm | |
| 丛书名: | ||
| 单 册: | ||
| 中图分类: | X321.2 | |
| 科图分类: | ||
| 主题词: | 生态环境建设--sheng tai huan jing jian she--案例--中国 | |
| 电子资源: | ||
| ISBN: | 978-7-5111-6219-9 | |
| 000 | 01397nam0 2200265 450 | |
| 001 | 96072 | |
| 005 | 20250911152100.71 | |
| 010 | @a978-7-5111-6219-9@dCNY85.00 | |
| 100 | @a20250609d2025 em y0chiy50 ea | |
| 101 | 0 | @achi |
| 102 | @aCN@b110000 | |
| 105 | @aa z 000yy | |
| 106 | @ar | |
| 200 | 1 | @a新时代生态文明建设实践案例@Axin shi dai sheng tai wen ming jian she shi jian an li@f生态环境部环境与经济政策研究中心主编 |
| 210 | @a北京@c中国环境出版集团@d2025.04 | |
| 215 | @a392页@c彩图@d24cm | |
| 300 | @a全国生态环境系统干部教育培训学习教材 | |
| 314 | @a书内题: 胡军主编 | |
| 330 | @a本书以深学笃用生态文明思想指导解决实际问题的地方实践为蓝本, 围绕人民群众对生态文明建设的幸福感、获得感、认同感, 聚焦以高水平保护推动高质量发展的典型经验做法, 从加快发展方式绿色转型, 深入推进环境污染防治, 提升生态系统多样性、稳定性、持续性, 积极稳妥推进碳达峰碳中和, 健全美丽中国建设保障体系等方面, 通过一个个案例、一组组生态蝶变的数据、一幅幅环境优美的画卷, 彰显生态文明思想的实践伟力, 也为各地区进一步推进美丽中国建设, 加快推进入与自然和谐共生的现代化提供参考借鉴。 | |
| 606 | 0 | @a生态环境建设@Asheng tai huan jing jian she@x案例@y中国 |
| 690 | @aX321.2@v5 | |
| 701 | 0 | @a胡军@Ahu jun@4主编 |
| 711 | 02 | @a生态环境部@Asheng tai huan jing bu@b环境与经济政策研究中心@Bhuan jing yu jing ji zheng ce yan jiu zhong xin@4主编 |
| 801 | 0 | @aCN@c20250909 |
| 905 | @a河南城建学院图书馆@dX321.2@eH475@f1 | |
| 新时代生态文明建设实践案例/生态环境部环境与经济政策研究中心主编.-北京:中国环境出版集团,2025.04 |
| 392页:彩图;24cm |
| 全国生态环境系统干部教育培训学习教材 |
| ISBN 978-7-5111-6219-9:CNY85.00 |
| 本书以深学笃用生态文明思想指导解决实际问题的地方实践为蓝本, 围绕人民群众对生态文明建设的幸福感、获得感、认同感, 聚焦以高水平保护推动高质量发展的典型经验做法, 从加快发展方式绿色转型, 深入推进环境污染防治, 提升生态系统多样性、稳定性、持续性, 积极稳妥推进碳达峰碳中和, 健全美丽中国建设保障体系等方面, 通过一个个案例、一组组生态蝶变的数据、一幅幅环境优美的画卷, 彰显生态文明思想的实践伟力, 也为各地区进一步推进美丽中国建设, 加快推进入与自然和谐共生的现代化提供参考借鉴。 |
| ● |
| 相关链接 |
|
|
|
正题名:新时代生态文明建设实践案例
索取号:X321.2/H475
 
预约/预借
| 序号 | 登录号 | 条形码 | 馆藏地/架位号 | 状态 | 备注 |
| 1 | 1630214 | 216302141 | 自科库501/501自科库 95排2列2层/ [索取号:X321.2/H475] | 在馆 |